000
00217nam a22000977a 4500
041
_a
eng
080
_a
80
100
_a
Borejsza, Jerzy W.
245
_a
Faszyzmy europejskie (1922-1945) w ocz. wsp. i his
999
_c
280894
_d
280894
942
_c
BK